00486nam a2200133Ia 4500008004100000100001700041245010400058245003700162260005300199260001600252300000800268650001500276856006100291170221s9999 xx 000 0 und d aZainol Bidin aAttitude Determinants in Proposed Goods and Services Tax among Manufacturing Companies in Malaysia  cZainol Bidin, Munusamy Marimuthu bInternational Review of Management and Marketing cAugust 2015 a4:3 xMarketing. uhttp://www.econjournals.com/index.php/irmm/issue/view/97